000
00248 a2200109 4500
001
51103
040
_c
Anchieta - Pituba
240
1
0
_a
Dia da Leitura 2001
_l
245
1
0
_a
Dia da Leitura 2001
650
4
_a
LĂnguas espanhola e portuguesa
942
_c
MX
999
_c
51103
_d
51103